Statistics for 2011 US Championships (All Around)

Click here to take the quiz!

General Stats

  • This quiz has been taken 71 times
  • The average score is 12 of 20

Answer Stats

Home GymVTUBBBFXGymnast% Correct
Brestyan's15.10013.95013.20014.350Alexandra Raisman
97%
Geddert's15.95015.20015.30015.000Jordyn Wieber
97%
Chow's14.75014.90013.10014.150Gabrielle Douglas
95%
All Olympia16.00014.10014.25014.500McKayla Maroney
95%
Brestyan's15.8000.00014.90014.550Alicia Sacramone
91%
Legacy Elite0.00014.40012.8000.000Anna Li
90%
WOGA13.70012.75011.45012.900Rebecca Bross
90%
Chow's14.55014.25014.7000.000Shawn Johnson
90%
M and M13.9009.55014.75014.300Chellsie Memmel
84%
WOGA14.00013.50014.00013.250Sophia Lee
81%
Dynamic14.35013.80014.15014.500Sabrina Vega
64%
Legacy Elite14.80013.50013.40014.200Bridgette Caquatto
59%
Legacy Elite14.20014.70014.05013.550Mackenzie Caquatto
59%
WOGA13.95013.30013.35013.300Grace McLaughlin
31%
GK Gym14.05014.15012.55013.250Brandie Jay
29%
Cincinnati0.00014.45012.6500.000Amanda Jetter
24%
Twin City Twisters14.5000.00012.50013.400Jessie DeZiel
21%
Capital13.5000.00012.25012.850Casey Magee
17%
WOGA13.75011.70013.80013.350Jessica Howe
12%
West Coast Elite13.70012.75011.45012.900Hallie Mossett
10%

Score Distribution

Percentile by Number Answered

Percent of People with Each Score

Your Score History

You have not taken this quiz